| 000 | 00585nam a22002177a 4500 | ||
|---|---|---|---|
| 005 | 20170124110119.0 | ||
| 010 | _a917179 | ||
| 020 |
_c00.00 _a0575023678 |
||
| 035 | _a917179 | ||
| 037 | _bCen Lib/Ret | ||
| 040 |
_aDPL _bEN |
||
| 082 |
_aN _bHAL |
||
| 100 |
_aHallahan, William H. _930399 |
||
| 245 |
_aThe ross forgery / _cby William H Hallahan |
||
| 260 |
_aLondon _bVictor Gollancz _c1977 |
||
| 270 | _bLondon | ||
| 300 |
_a204p. _c17cm(Hb) |
||
| 650 |
_aEnglish fiction _9102092 |
||
| 650 |
_aLiterary forgeries and mystifications _930401 |
||
| 942 |
_2ddc _cEN _hN _mHAL |
||
| 999 |
_c130909 _d130909 |
||